AUDITING (Record no. 9221)

MARC details
000 -LEADER
fixed length control field 00639nam a22001697a 4500
003 - CONTROL NUMBER IDENTIFIER
control field SGT
020 ## - INTERNATIONAL STANDARD BOOK NUMBER
International Standard Book Number 9789350714874
082 ## - DEWEY DECIMAL CLASSIFICATION NUMBER
Classification number 657,JHA
100 ## - MAIN ENTRY--PERSONAL NAME
Personal name JHA,ARUNA
245 ## - TITLE STATEMENT
Title AUDITING
250 ## - EDITION STATEMENT
Edition statement 2ND
260 ## - PUBLICATION, DISTRIBUTION, ETC. (IMPRINT)
Place of publication, distribution, etc NEW DELHI
Name of publisher, distributor, etc TAXMANN
Year of Publication 2014
300 ## - PAGE DESCRIPTION
No. of Pages 265
650 ## - SUBJECT ADDED ENTRY--TOPICAL TERM
Topical term or geographic name as entry element ACCOUNTING, AUDITING
700 ## - ADDED ENTRY--PERSONAL NAME
Personal name INTRODUCTION,TYPES OF AUDIT,AUDIT PLANNING AND DOCUMENTATION,INTERNAL CONTROL SYSTEM,EVIDENCE IN AUDITING, VOUCHING,VERIFICATION OF ASSETS, VERIFICATION OF LIABILITIES, COMPANY AUDITOR : APPOINTMENT AND REMOVAL, RIGHTS AND DUTIES OF A COMPANY AUDITOR,LIABILITIES OF AUDITOR,COST AUDITMANAGEMENT AUDIT
942 ## - ADDED ENTRY ELEMENTS (KOHA)
Source of classification or shelving scheme Dewey Decimal Classification
Koha item type FCM Books
942 ## - ADDED ENTRY ELEMENTS (KOHA)
-- 75
Holdings
Withdrawn status Lost status Source of classification or shelving scheme Damaged status Not for loan Collection code Home library Current library Shelving location Date acquired Vendor Name Cost, normal purchase price SGTU Bill Number Total Checkouts Total Renewals Full call number Accession No. (Barcode) Date last seen Date last borrowed Bill Date Koha item type
    Dewey Decimal Classification     COMMERCE MANAGEMENT SGT Science & Social Sciences Library SGT Science & Social Sciences Library On Display 24/06/2016 KIRTI PRAKASHAN 310.00 SGTU 3241 34 2 657,JHA CM1387 08/01/2025 08/01/2025 20/11/2015 FCM Books
    Dewey Decimal Classification     COMMERCE MANAGEMENT SGT Science & Social Sciences Library SGT Science & Social Sciences Library On Display 24/06/2016 KIRTI PRAKASHAN 310.00 SGTU 3241 26   657,JHA CM1388 13/01/2025 11/01/2025 20/11/2015 FCM Books
    Dewey Decimal Classification     COMMERCE MANAGEMENT SGT Science & Social Sciences Library SGT Science & Social Sciences Library On Display 24/06/2016 KIRTI PRAKASHAN 310.00 SGTU 3241     657,JHA CM1389 05/10/2017   20/11/2015 FCM Books
    Dewey Decimal Classification     COMMERCE MANAGEMENT SGT Science & Social Sciences Library SGT Science & Social Sciences Library Text Book 05/09/2016 SPARSH BOOK GALLERY 340.00 SGTU 62 25 1 657,JHA CM2441 10/06/2025 07/06/2025 28/08/2016 FCM Books
    Dewey Decimal Classification     COMMERCE MANAGEMENT SGT Science & Social Sciences Library SGT Science & Social Sciences Library Text Book 05/09/2016 SPARSH BOOK GALLERY 340.00 SGTU 62 39   657,JHA CM2442 13/01/2025 08/01/2025 28/08/2016 FCM Books
    Dewey Decimal Classification     COMMERCE MANAGEMENT SGT Science & Social Sciences Library SGT Science & Social Sciences Library Text Book 05/09/2016 SPARSH BOOK GALLERY 340.00 SGTU 62 49 2 657,JHA CM2443 18/04/2025 04/04/2025 28/08/2016 FCM Books
    Dewey Decimal Classification   Not For Loan COMMERCE MANAGEMENT SGT Science & Social Sciences Library SGT Science & Social Sciences Library Reference Book 05/09/2016 SPARSH BOOK GALLERY 340.00 SGTU 62     657,JHA CM2444 05/09/2016   28/08/2016 FCM Books
    Dewey Decimal Classification     COMMERCE MANAGEMENT SGT Science & Social Sciences Library SGT Science & Social Sciences Library Text Book 05/09/2016 SPARSH BOOK GALLERY 340.00 SGTU 62 26   657,JHA CM2445 16/06/2025 02/06/2025 28/08/2016 FCM Books